| 000 | 00404ntaaa2200169 4500 | ||
|---|---|---|---|
| 003 | 01 | ||
| 005 | 20251027202117.0 | ||
| 008 | 0714s1973 ag 01 | ||
| 040 |
_aAR-BaBN _bspa _cAR-BaBN _eaacr _dRIC |
||
| 082 | _a253.0000 B83b | ||
| 245 | _aLa brujula para el ministerio evangélico | ||
| 250 | _a1 ed. | ||
| 260 |
_aMiami : _bVida, _c1979 |
||
| 300 | _a323 p | ||
| 650 |
_apastirado _919567 |
||
| 942 | _cBK | ||
| 999 |
_c15965 _d15965 |
||